Fr. Conceicao Rodrigues College of Engineering

How to have creative ideas (Record no. 30773)

MARC details
000 -LEADER
fixed length control field 00350nam a2200169Ia 4500
082 ## - DEWEY DECIMAL CLASSIFICATION NUMBER
Classification number 801/BON
Item number BON
100 ## - MAIN ENTRY--PERSONAL NAME
Personal name EDWARD DE BONO
245 ## - TITLE STATEMENT
Title How to have creative ideas
260 ## - PUBLICATION, DISTRIBUTION, ETC.
Name of publisher, distributor, etc. Vermilion
Place of publication, distribution, etc. London
Date of publication, distribution, etc. 2007
366 ## - TRADE AVAILABILITY INFORMATION
Publishers's discount category 17.5
300 ## - PHYSICAL DESCRIPTION
Extent 180
546 ## - LANGUAGE NOTE
Language note ENGLISH
650 ## - SUBJECT ADDED ENTRY--TOPICAL TERM
Topical term or geographic name entry element Philosophy
654 ## - SUBJECT ADDED ENTRY--FACETED TOPICAL TERMS
Focus term ideas
942 ## - ADDED ENTRY ELEMENTS (KOHA)
Koha item type BOOK
Holdings
Withdrawn status Lost status Damaged status Not for loan Collection Home library Current library Date acquired Source of acquisition Cost, normal purchase price Inventory number Total Checkouts Full call number Barcode Date last seen Cost, replacement price Price effective from Koha item type
        CRC Fr. Agnel's C.Rodrigues College of Engineering Fr. Agnel's C.Rodrigues College of Engineering 17/03/2023 Educational books and periodicals 243.38 258 dt 27/04/2009   801/BON BON 19575 17/03/2023 295.00   BOOK